Pjseň kratochwilná Mládencům a Pannám pro obweselenj mysle wydaná

Bibliographic Details
Corporate Author: Škarnicel, Jozef (Skalica, Slovensko) (Printer)
Other Authors: Škarnicel, Jozef, 1804-1877 (Printer)
Format: Book
Language:Slovak
PhysicalDescription:[7] s. 10 cm
Published: W Skalicy v Škarnicla Synů 1864
Subjects:

MARC

LEADER 00000nam a2200000 a 4500
001 vtls011746723
003 SK-MaSNL
005 20260301182946.0
008 210701s1864 xo a 0 an0 slo
015 |a SNBHFA1864 
035 |a urn:nbn:sk:snk-am00d16l 
035 |a 938B5D04-2F7B-48B8-AC45-CCDE6385862F 
035 |a urn:nbn:sk:snk-am00d6ek 
035 |a B55705B6-526F-4720-84EB-F442567F89A9 
035 |a urn:nbn:sk:snk-am00d65k 
035 |a urn:nbn:sk:snk-am3hi67 
035 |a C69194C0-E25F-4EFF-9354-F08065192C07 
040 |a SNKHF  |b slo  |c SNK  |e AACR2 
041 0 |a slo 
044 |a xo  |c SK 
072 7 |a 09  |x Rukopisy, prvotlače, staré tlače. Vzácne a pozoruhodné diela  |2 konspekt 
080 |a 098:398.51  |2 1981 
130 0 |a Pjseň  |9 315402 
245 1 0 |a Pjseň kratochwilná Mládencům a Pannám pro obweselenj mysle wydaná 
260 |a W Skalicy  |b v Škarnicla Synů  |c 1864 
300 |a [7] s.  |c 10 cm 
500 |a Titulná strana s drevorezom. Drevorez 
501 |a Prív. 5. k: Dwě duchownj Pjsně o blahoslawené Panně Maryi Sassinské. W Skalicy : u Fr. X. Škarnicla Synů, 1868.  |5 SNK SE 126/1-11/prív.5 
501 |a Prív. 11. k: Kratochwílná Píseň pro obweseleni mysle Mládencům a Pannám wydaná. W Skalici : u dědičů J. Škarnicla, [1880-1898].  |5 SNK SE 155/1-15/prív.11 
501 |a Prív. 10. k: Kratochwílná píseň Mládencům a Pannám pro obweseleni wydaná. W Skalici : u dědičů J. Škarnicla, [1880-1898].  |5 SNK SE 156/1-17/prív. 10 
546 |a Slovenčina  |b Fraktúra 
650 0 7 |a jarmočné tlače  |2 SNKPH  |9 256383 
700 1 |a Škarnicel, Jozef,  |d 1804-1877  |4 prt  |9 169168 
710 0 |a Škarnicel, Jozef (Skalica, Slovensko)  |4 prt  |9 271317 
752 |a Slovensko  |d Skalica 
958 |a ONDV 
999 |c 855342  |d 857272 
952 |a SNK  |b SNK  |y PREZ  |7 0  |p 17A1300192  |o snkSE 126/1-11/prív.5  |i snk4615/28  |0 0  |1 0  |4 0  |d 2018-03-19  |f 1  |l 0  |r 2026-02-24 04:54:45  |w 2026-02-24 
952 |a SNK  |b SNK  |y PREZ  |7 0  |p 17A1300931  |o snkSE 156/1-17/prív.10  |i snk4886/28  |0 0  |1 0  |4 0  |d 2018-05-30  |f 1  |l 0  |r 2026-02-24 04:54:45  |w 2026-02-24 
952 |a SNK  |b SNK  |y PREZ  |7 0  |p 17A1300919  |o snkSE 155/1-15/prív.11  |i snk4904/28  |0 0  |1 0  |4 0  |d 2018-05-30  |f 1  |l 0  |r 2026-02-24 04:54:45  |w 2026-02-24